ბათუმის შოთა რუსთაველის სახელმწიფო უნივერსიტეტის ბიბლიოთეკა

ჩანაწერი Personal Name

ჩანაწერთა რაოდენობა, რომელიც გამოყენებულია: 1

001 - CONTROL NUMBER

  • control field: 13401

003 - CONTROL NUMBER IDENTIFIER

  • control field: GE_BSU

005 - DATE AND TIME OF LATEST TRANSACTION

  • control field: 20220118124358.0

008 - FIXED-LENGTH DATA ELEMENTS

  • fixed length control field: 220118|| aca||aabn | a|a d

040 ## - CATALOGING SOURCE

  • Original cataloging agency: GE_BSU
  • Transcribing agency: GE_BSU

100 ## - HEADING--PERSONAL NAME

  • Personal name: ბერიძე, პაატა

670 ## - SOURCE DATA FOUND

  • Source citation: Work cat.: (GE_BSU): ბერიძე, პაატა, აჭარის ავტონომიური რესპუბლიკის ქონების მართვის პოლიტიკის სრულყოფის მექანიზმები და მათი როლი ბიზნესის სტიმულირებაში :